Austria: Flags of the States - Statistics

General Stats
  • This quiz has been taken 117 times
  • The average score is 8 of 9
Answer Stats
Picture Answer % Correct
Lower Austria
93%
Vienna
93%
Styria
90%
Carinthia
86%
Upper Austria
86%
Burgenland
84%
Tyrol (Tirol)
84%
Salzburg
83%
Vorarlberg
76%
No matching quizzes found
Score Distribution
Percent of People with Each Score
Percentile by Number Answered
Your Score History
You have not taken this quiz